000 00417nam a22001697a 4500
005 20160521122855.0
008 160521b xxu||||| |||| 00| 0 eng d
020 _a0-07-058195-9
041 _aeng
082 _b3778
100 _aChare Jacobs Aquilano
_9958
245 _aOperations Management for Competitive Advantage
260 _aNew Delhi
_bTMH,
300 _a748
650 _aManagement
_9241
942 _cBK
999 _c1307
_d1307